[Event "Rostock SSC op 18th"]
[Site "Rostock"]
[Date "2019.08.10"]
[Round "6"]
[White "Henkel, Karl Heinz"]
[Black "Zabka, Helge"]
[Result "0-1"]
[WhiteElo "1553"]
[BlackElo "1727"]
[PlyCount "60"]
[EventDate "2019.08.07"]
[EventType "swiss"]
[EventRounds "7"]
[EventCountry "GER"]
[SourceTitle "EXT 2020"]
[Source "ChessBase"]
[SourceDate "2019.10.17"]
[SourceVersion "1"]
[SourceVersionDate "2019.10.17"]
[SourceQuality "1"]

1. e4 d5 2. exd5 Nf6 3. c4 e6 4. dxe6 Bxe6 5. d3 c5 6. Nc3 Nc6 7. Nf3 Qd7 8. Be3 0-0-0 9. Be2 Bf5 10. 0-0 Bxd3 11. Bxd3 Qxd3 12. Qa4 Qf5 13. Nb5 a6 14. Nc3 Bd6 15. h3 h6 16. Rac1 g5 17. Qc2 Qe6 18. Nd5 Ne5 19. Nxe5 Qxe5 20. f4 Qe6 21. Qb3 Ne4 22. Rce1 Rdg8 23. Bc1 f5 24. Qc2 Qg6 25. g4 Qg7 26. Rxe4 fxe4 27. Qxe4 Re8 28. Qf5+ Kb8 29. Qf6 Qxf6 30. Nxf6 Re2 0-1

[Event "Rostock SSC op 14th"]
[Site "Rostock"]
[Date "2015.07.31"]
[Round "5.35"]
[White "Henkel, Karl Heinz"]
[Black "Goldmund, Heike"]
[Result "1-0"]
[WhiteElo "1361"]
[BlackElo "1544"]
[PlyCount "47"]
[EventDate "2015.07.29"]
[EventType "swiss"]
[EventRounds "7"]
[EventCountry "GER"]
[SourceTitle "EXT 2019"]
[Source "ChessBase"]
[SourceDate "2018.10.10"]
[SourceVersion "1"]
[SourceVersionDate "2018.10.10"]
[SourceQuality "1"]

1. e4 d5 2. exd5 Qxd5 3. Nc3 Qa5 4. d4 Nf6 5. Bd2 c6 6. a3 Bf5 7. b4 Qc7 8. Nge2 e6 9. Ng3 Bg6 10. Be2 Nbd7 11. h4 h6 12. Be3 Bd6 13. Nh5 Nxh5 14. Bxh5 Bxh5 15. Qxh5 Nf6 16. Qf3 0-0 17. Bxh6 gxh6 18. Qxf6 Kh7 19. Ne4 Be7 20. Ng5+ Kg8 21. Qxh6 Bxg5 22. hxg5 f6 23. Qh8+ Kf7 24. Qh7+ 1-0